Selección de la obra de Skinner realizada por el propio autor (Registro nro. 10808)

000 -CABECERA
Campo de control de longitud fija 01809nam a22003137a 4500
003 - IDENTIFICADOR DEL NÚMERO DE CONTROL
Campo de control OSt
005 - FECHA Y HORA DE LA ÚLTIMA TRANSACCIÓN
Campo de control 20260416190931.0
008 - CÓDIGOS DE INFORMACIÓN DE LONGITUD FIJA
Campo de control de longitud fija 260407t1975 xxu||||| |||| 00| 0 spa d
020 ## - NÚMERO INTERNACIONAL NORMALIZADO PARA LIBROS (ISBN)
Número Internacional Normalizado para Libros (ISBN) 8424403681
040 ## - FUENTE DE LA CATALOGACIÓN
Centro catalogador de origen Unicoc
Lengua de catalogación spa
Centro que cataloga Bogotá (Dr. David Ordóñez Rueda) - Campus Norte
Centro modificador Bogotá (Dr. David Ordóñez Rueda) - Campus Norte
082 ## - NÚMERO DE LA CLASIFICACIÓN DECIMAL DEWEY
Número de clasificación 150.8
100 ## - PUNTO DE ACCESO PRINCIPAL - NOMBRE DE PERSONA
9 (RLIN) 12755
Nombre de persona Skinner, Burrhus Frederic
245 ## - MENCIÓN DE TÍTULO
Título Selección de la obra de Skinner realizada por el propio autor
Mención de responsabilidad etc. / Burrhus Frederic Skinner
250 ## - MENCIÓN DE EDICIÓN
Mención de edición 1 Ed.
260 ## - PUBLICATION, DISTRIBUTION, ETC. (IMPRINT)
Lugar de publicación distribución etc. España :
Nombre del editor distribuidor etc. Fontanella ,
Fecha de publicación distribución etc. 1975
300 ## - DESCRIPCIÓN FÍSICA
Extensión 675 páginas
Otras características físicas Ilustraciones, gráficas
440 ## - MENCIÓN DE SERIE
9 (RLIN) 12806
Título Conducta humana
Número de la parte/sección de una obra 24
500 ## - NOTA GENERAL
Nota general Incluye notas bibliográficas
505 ## - NOTA DE CONTENIDO CON FORMATO
Título Primera parte: Implicaciones de una ciencia de la conducta en los problemas humanos, especialmente en la relación con el concepto de libertad. --
-- Segunda parte: un método del análisis experimental de la conducta: su teoría y su práctica, su historia y un atisbo de su futuro. --
-- Tercera parte: la tecnología de la enseñanza. --
-- Cuarta parte: análisis y tratamiento de la conducta neurótica, psicótica y retrasada. --
-- Quinta parte: sólo para psicólogos experimentados. --
-- Sexta parte: conducta creadora.--
-- Séptima parte: conducta literaria y conducta verbal. --
-- Octava parte: consideraciones teóricas. --
-- Novena parte: miscelánea.
526 ## - NOTA DE INFORMACIÓN SOBRE EL PROGRAMA DE ESTUDIO
Institución que aplica el campo Unicoc
546 ## - NOTA DE LENGUA
Nota de lengua Español
650 #0 - PUNTO DE ACCESO ADICIONAL DE MATERIA - TÉRMINO DE MATERIA
9 (RLIN) 9335
Término de materia o nombre geográfico como elemento inicial Conducta (Psicología)
650 #0 - PUNTO DE ACCESO ADICIONAL DE MATERIA - TÉRMINO DE MATERIA
9 (RLIN) 8527
Término de materia o nombre geográfico como elemento inicial Trastornos de conducta
650 #0 - PUNTO DE ACCESO ADICIONAL DE MATERIA - TÉRMINO DE MATERIA
9 (RLIN) 10631
Término de materia o nombre geográfico como elemento inicial Psicología experimental
650 #0 - PUNTO DE ACCESO ADICIONAL DE MATERIA - TÉRMINO DE MATERIA
9 (RLIN) 453
Término de materia o nombre geográfico como elemento inicial Psicología
Subdivisión de forma Colecciones de escritos
658 #0 - TÉRMINO DE INDIZACIÓN - OBJETIVO CURRICULAR
9 (RLIN) 10741
Programa Académico Programa de Psicología
856 ## - LOCALIZACIÓN Y ACCESO ELECTRÓNICOS
Texto del enlace Acceso online exclusivo para comunidad Unicoc.
Identificador Uniforme del Recurso (URI) https://unicoceduco-my.sharepoint.com/:b:/g/personal/direccionbiblioteca_unicoc_edu_co/IQDGrsgbk0HqSp6Ygofh-ctKARSZKajX8SX151XhpgCuy24
942 ## - ENTRADA PARA ELEMENTOS AGREGADOS (KOHA)
Fuente de clasificación o esquema de ordenación en estanterías
Koha [por defecto] tipo de item Libro electrónico
Existencias
Precio Fecha de adquisición Estropeado Fuente de adquisición Tipo de item de Koha Fecha del precio de reemplazo Localización permanente Código de colección Código de barras Estado de pérdida Signatura completa Fecha última consulta Localización actual Fuente de clasificación o esquema de ordenación en estanterías No para préstamo
200000.002026-04-07 CompraLibro electrónico2026-04-07Bogotá (Dr. David Ordóñez Rueda) - Campus NorteColeccion OnlineEbook10808 150.82026-04-07Bogotá (Dr. David Ordóñez Rueda) - Campus Norte  

© 2014 UNICOC | Institución Universitaria Colegios de Colombia - UNICOC
Bogotá D.C. Autopista Norte Km. 20. Teléfono:(571)6683535
Cali: Calle 13 Norte No. 3N-13. Teléfono: (572)6608887

Con tecnología de Koha